Bill Hader Movies - Statistics

General Stats
  • This quiz has been taken 12 times
  • The average score is 6 of 18
Answer Stats
Release Year Costars Movie % Correct
2007 Michael Cera, Emma Stone Superbad
75%
2015 Amy Poehler, Diane Lane Inside Out
50%
2007 Seth Rogen, Leslie Mann Knocked Up
50%
2011 Simon Pegg, Sigourney Weaver Paul
50%
2009 Jesse Eisenberg, Kristen Stewart Adventureland
42%
2016 Ellen DeGeneres, Idris Elba Finding Dory
42%
2019 Jessica Chastain, James McAvoy It Chapter 2
33%
2016 Seth Rogen, Salma Hayek Sausage Party
33%
2008 Ben Stiller, Valerie Azlynn Tropic Thunder
33%
2012 Will Smith, Emma Thompson Men in Black 3
25%
2008 James Franco, Rosie Perez Pineapple Express
25%
2013 Ryan Reynolds, Maya Rudolph Turbo
25%
2016 Jason Sudeikis, Kate McKinnon Angry Birds
17%
2008 Jason Bell, Kristen Wiig Forgetting Sarah Marshall
17%
2016 Mark Rylance, Rebecca Hall The BFG
17%
2006 Matt Dillon, Kate Hudson You, Me and Dupree
17%
2022 Chris Evans, Keke Palmer Lightyear
8%
2009 Ben Stiller, Amy Adams Night at the Museum: Battle of the Smithsonian
8%
No matching quizzes found
Score Distribution
Percent of People with Each Score
Percentile by Number Answered
Your Score History
You have not taken this quiz